000 01229cad a22002535a 4500
001 E147933
008 090702s2009 xxk f l s000 0 eng d
035 _a(Sirsi) u147933
041 0 _aeng
110 2 _aScotland
_kLaws, etc
245 0 4 _aThe Rural Development Contracts (Land Managers Options) (Scotland) Amendment Regulations 2009
_h[electronic resource]
260 _aEdinburgh
_bScottish Government
_c2009
490 0 _aScottish Statutory Instrument
_v2009: 155
520 _aThese Regulations amend the Rural Development Contracts (Land Managers Options) (Scotland) Regulations 2008, which introduced measures relating to Community support for rural development.
520 _aComes into force 15 May 2009.
521 _aAdvanced
590 _aKA
650 2 4 _aRURAL DEVELOPMENT CONTRACTS (LAND MANAGERS OPTIONS) (SCOTLAND) AMENDMENT REGULATIONS 2009
650 2 4 _aRURAL DEVELOPMENT CONTRACTS (LAND MANAGERS OPTIONS) (SCOTLAND) REGULATIONS 2008
651 4 _aScotland
_y1999-
690 _aENVIRONMENTAL AND LAND CONSULTANCY-LAND MANAGEMENT
856 4 0 _uhttps://www.opsi.gov.uk/legislation/scotland/ssi2009/ssi_20090155_en_1
_zView the statutory instrument free of charge at www.opsi.gov.uk...
942 _n0
999 _c109799
_d109799